|
|
|
|
| LEADER |
01257nam a2200253 a 4500 |
| 001 |
GR-MES11050 |
| 008 |
061107s gr b 001 0 gre d |
| 020 |
|
|
|a 9602182202
|
| 040 |
|
|
|a GrPaTEI
|b gre
|c GR-PaULI
|
| 040 |
|
|
|a GrPaTEI
|b gre
|c GR-PaULI
|
| 082 |
|
0 |
|a 343.9
|
| 100 |
1 |
|
|a Λαμπροπούλου, Έφη Π.
|
| 245 |
1 |
0 |
|a Εσωτερική ασφάλεια και κοινωνία του ελέγχου /
|c Έφη Λαμπροπούλου.
|
| 260 |
|
|
|a Αθήνα :
|b Κριτική,
|c 2001
|
| 300 |
|
|
|a 217σ.
|
| 490 |
0 |
|
|a Νεοελληνική κοινωνία
|
| 504 |
|
|
|a Περιλαμβάνει βιβλιογραφία και ευρετήριο.
|
| 650 |
|
4 |
|a ΚΟΙΝΩΝΙΚΟΣ ΕΛΕΓΧΟΣ
|
| 650 |
|
4 |
|a Οργανωμένο έγκλημα
|
| 942 |
|
|
|2 ddc
|
| 952 |
|
|
|0 0
|1 0
|2 ddc
|4 0
|6 343_900000000000000_ΛΑΜ
|7 0
|9 270255
|a MSLG
|b MSLG
|c BSC
|d 2021-01-17
|e 24
|f 0
|g 0.00
|l 0
|o 343.9 ΛΑΜ
|p 2420000020847
|r 2021-01-17 00:00:00
|t 1
|w 2021-01-17
|y BK15
|x 20061107 0 1
|x GrPaTEI
|
| 952 |
|
|
|0 0
|1 0
|2 ddc
|4 0
|6 343_900000000000000_ΛΑΜ
|7 0
|9 270256
|a MSLG
|b MSLG
|c BSC
|d 2021-01-17
|e 24
|f 0
|g 0.00
|l 0
|o 343.9 ΛΑΜ
|p 2420000020848
|r 2021-01-17 00:00:00
|t 1
|w 2021-01-17
|y BK15
|x 20061107 0 1
|x GrPaTEI
|
| 971 |
|
|
|a .b25770974
|b 01-10-20
|c 13-09-16
|
| 999 |
|
|
|c 156071
|d 156071
|